MARC

LEADER 00000nam0a2200000 4500
001 292842
005 20231102000533.0
020 |a RU  |b 84-12799 
035 |a (RuTPU)RU\TPU\book\317494 
090 |a 292842 
100 |a 20150427d1984 km y0rusy5003 ca 
101 0 |a rus 
102 |a RU 
105 |a a z 001zy 
200 1 |a Алгоритмы решения одной задачи определения оптимальной совокупности многоотраслевых комплексов  |f В. В. Григорьев  |g Академия наук СССР (АН СССР), Вычислительный центр 
210 |a Москва  |c Изд-во ВЦ АН СССР  |d 1984 
215 |a 28 с.  |c ил. 
225 1 |a Сообщения по прикладной математике 
320 |a Библиогр.: с. 28 
606 1 |a Оптимальные процессы  |x Математическая теория  |x (математика)  |2 stltpush  |3 (RuTPU)RU\TPU\subj\47189  |9 66249 
610 1 |a промышленные предприятия 
610 1 |a размещение 
610 1 |a расчет на ЭВМ 
610 1 |a алгоритмы 
610 1 |a решения 
610 1 |a задачи 
610 1 |a совокупности 
610 1 |a комбинаторика 
610 1 |a комбинаторные задачи 
610 1 |a метод Хачатурова 
675 |a 519.977  |z rus  |v 3 
700 1 |a Григорьев  |b В. В.  |4 070 
712 0 2 |a Академия наук СССР (АН СССР)  |b Вычислительный центр  |2 stltpush  |3 (RuTPU)RU\TPU\col\11481 
801 0 |a RU  |b RuMRKP  |c 19950704  |g psbo 
801 1 |a RU  |b 63413507  |c 20150427 
801 2 |a RU  |b 63413507  |c 20190118  |g RCR 
942 |c BK